Mladá generácia znalcov

Súčasný stav v oblasti znaleckej činnosti. Celoštátny percentuálny podiel znalcov podľa pohlavia. Celoštátne vekové zloženie znalcov. Štruktúra znalcov podľa pohlavia a veku v jednotlivých krajoch Slovenska. Nevyhnutnosť povinného priebežného vzdelávania znalcov.

Enregistré dans:
Détails bibliographiques
Auteur principal: Švejdová, Nikola
Format: Chapitre de livre
Langue:slovaque
Sujets:
Tags: Ajouter un tag
Pas de tags, Soyez le premier à ajouter un tag!

MARC

LEADER 00000nla a2200000 4500
001 0226577
005 20240502073729.5
041 0 |a slo 
044 |a SK 
245 1 0 |a Mladá generácia znalcov  |c Nikola Švejdová 
520 |a Súčasný stav v oblasti znaleckej činnosti. Celoštátny percentuálny podiel znalcov podľa pohlavia. Celoštátne vekové zloženie znalcov. Štruktúra znalcov podľa pohlavia a veku v jednotlivých krajoch Slovenska. Nevyhnutnosť povinného priebežného vzdelávania znalcov. 
610 2 0 |a znalectvo 
610 2 0 |a znalci 
610 2 0 |a vek 
610 2 0 |a muži 
610 2 0 |a ženy 
610 2 0 |a Slovensko 
610 2 0 |a vzdelávanie celoživotné 
100 1 |a Švejdová, Nikola